000 00429nam a22001577a 4500
005 20251108173307.0
008 250721s1959 xx 000 0 ara d
082 1 4 _a811/صيم
100 1 _aصيمح, دافيد
245 1 0 _aحتى يجيئ الربيع /
264 1 _aاسرائيل :
_bالمطبعة الحديثة،
_c1959.
650 1 7 _aالشعر
650 1 7 _aاسراايل
942 _2ddc
_cBK
999 _c100576
_d100576